000 00708 a2200193 4500
003 Nust
005 20221014100838.0
040 _cNust
082 _a610,BYR
100 _aByrd, Oliver E.
_9100269
245 _aHealth:
_bLevel Three /
_cOliver E. Byrd, Elizabeth A. Neilson
250 _a3rd Edition
260 _aLaidlaw Brothers
_bUSA
_c1970
300 _a143 p
505 _aFriends and Friendship (Page-6), Safety First (Page-22), How you Know (Page-38), How You Grow (Page-52), How you Move (Page-66), Why you Eat (Page-80), The Clothes you Wear (Page-94), How to Stay Well (Page-110), Family Living (Page-124).
600 _aOliver E.Byrd
_9100270
650 _aHealth
_93553
942 _2ddc
_cBK
999 _c183195
_d183195